000 00267nam a22001337a 4500
082 _a823
_bCOO/W
100 _aCOOLIDGE SUSAN
245 _aWHAT KATY DID
250 _a1
260 _aENGLAND
_bLADY BIRD
300 _a51
650 _aENGLISH SHORT STOR
942 _cBK
999 _c1975
_d1975